| 000 | 00663nam a2200229Ia 4500 | ||
|---|---|---|---|
| 003 | OSt | ||
| 005 | 20250711113051.0 | ||
| 008 | 210423s2012 xx 000 0 und d | ||
| 020 | _a9788173919461 | ||
| 040 | _cAL | ||
| 041 | _aeng | ||
| 082 |
_a070.4 _b MURD |
||
| 100 |
_aMurthy D V R _996278 |
||
| 245 | _aDevelopment journalism: what next: an agenda for the press | ||
| 260 |
_aNew Delhi _bKanishka Publishers Distributors _c2012 |
||
| 300 |
_axii,140 _bPB |
||
| 365 |
_b125 _cINR |
||
| 650 |
_aJournalism _996279 |
||
| 650 |
_aJournalism & Media _996280 |
||
| 906 | _aagenda ; an ; Development ; journalism: ; next: ; press. ; what | ||
| 942 |
_2ddc _cBK |
||
| 999 |
_c161487 _d161487 |
||